Antología de un poeta olvidado : (Record no. 182997)

MARC details
000 -LEADER
campo de control de longitud fija 00993nam a2200253 i 4500
001 - NÚMERO DE CONTROL
campo de control 182997
003 - IDENTIFICADOR DE NÚMERO DE CONTROL
campo de control ES-MaACL
005 - FECHA Y HORA DE LA ÚLTIMA TRANSACCIÓN
campo de control 20260105063013.0
008 - DATOS DE LONGITUD FIJA--INFORMACIÓN GENERAL
campo de control de longitud fija 140110s2012 sp a | |||||||| | spa d
020 ## - NÚMERO INTERNACIONAL ESTÁNDAR DEL LIBRO
Número Internacional Estándar del Libro 978-84-695-1413-9
080 ## - NÚMERO DE LA CLASIFICACIÓN DECIMAL UNIVERSAL
Número de la Clasificación Decimal Universal 821.134.2-14"18"
100 1# - ENTRADA PRINCIPAL--NOMBRE DE PERSONA
Nombre de persona Portillo y Portillo, Bruno,
Fechas asociadas al nombre 1855-1935
9 (RLIN) 93273
245 10 - MENCIÓN DEL TÍTULO
Título Antología de un poeta olvidado :
Resto del título Bruno Portillo y Portillo (1855-1935) /
Mención de responsabilidad, etc. [selección], Jesús Daniel Laguna Reche.
260 ## - PUBLICACIÓN, DISTRIBUCIÓN, ETC.
Lugar de publicación, distribución, etc. Huéscar [Granada] :
Nombre del editor, distribuidor, etc. Asociación Cultural Raigadas,
Fecha de publicación, distribución, etc. 2012.
300 ## - DESCRIPCIÓN FÍSICA
Extensión 332 p. :
Otras características físicas il. ;
Dimensiones 21 cm.
490 1# - MENCIÓN DE SERIE
Mención de serie Colección Barbata ;
Designación de volumen o secuencia 2
504 ## - NOTA DE BIBLIOGRAFÍA, ETC.
Nota de bibliografía, etc. Bibliografía: p. [327]-328.
700 1# - ENTRADA AGREGADA--NOMBRE PERSONAL
Nombre de persona Laguna Reche, Jesús Daniel.
9 (RLIN) 154115
830 0# - PUNTO DE ACCESO ADICIONAL DE SERIE-TÍTULO UNIFORME
Título uniforme Colección Barbata ;
Designación de volumen o secuencia 2
9 (RLIN) 224914
852 ## - LOCALIZACIÓN
Ubicación ES-MaACL
Número de control de estantería A-12952
itemnumber 189930
Sublocalización o colección R.148821
Ubicación en estantería Depósito 1
Signatura antigua Olim: N-5952
Encuadernación Donación: Jesús Daniel Laguna Reche
903 ## - NOMBRE PERSONAL DE DONANTE
9 154115
a Laguna Reche, Jesús Daniel
e Donante
942 ## - ELEMENTOS DE ENTRADA SECUNDARIOS (KOHA)
Fuente del sistema de clasificación o colocación Clasificación decimal universal
Tipo de ítem Koha Libro impreso
Holdings
Estatus retirado Estado de pérdida Fuente del sistema de clasificación o colocación Estado de daño No para préstamo Colección Biblioteca de origen Biblioteca actual Ubicación en estantería Fecha de adquisición Fuente de adquisición Total de préstamos Signatura topográfica completa Código de barras Visto por última vez Precio de reemplazo Tipo de ítem Koha Nota pública
    Clasificación decimal universal     Libros con dedicatorias Biblioteca del Ateneo de Madrid Biblioteca del Ateneo de Madrid Depósito 1 10/01/2014 Donación   A-12952 1192336 23/02/2023 23/02/2023 Libro impreso Dedicatoria autógrafa del autor